000 00964nam0a22002891 4500
001 rc\3261000
005 20260408074901.0
021 _aRU
_b73-12482
021 _aRU
_bРг4341-73
035 _a(NLR Aleph) 007386884
090 _a6568495
_c6568495
100 _a20130115d1973 |||y0rusy50 ca
101 0 _arus
_aeng
102 _aRU
105 _aa z |||||
200 1 _aФторацизин
_e[Описание]
_fСССР. М-во мед. пром-сти
210 _aМосква
_cБ. и.
_d[1973]
215 _a71 с.
_cил.
_d22
300 _aЗагл. также на англ. яз.: Phtoracizinum
300 _aТекст парал. на рус. и англ. яз.
517 0 _aPhtoracizinum
712 0 1 _aСССР
_bМинистерство медицинской промышленности
_3RU\NLR\AUTH\8810066912
_9635470
801 0 _aRU
_bNLR
_gpsbo
801 1 _aRU
_bELAR
_2rusmarc
852 _aNLR
_j73-6/2450
942 _cBOOK
980 _aNB